| 000 | 02529nam a2200469 a 4500 | ||
|---|---|---|---|
| 999 |
_c413171 _d413171 |
||
| 003 | BLK | ||
| 005 | 20241029120043.0 | ||
| 008 | 180408b bul|||||r ||||||| ||bul|| | ||
| 010 | _aKNG00054482000 | ||
| 020 | _a9789542834274 | ||
| 040 | _aBLK | ||
| 041 |
_aBUL _cBUL |
||
| 080 |
_aВтора световна война _b94(100)"1939/1945" _z94(100)"1939/1945" |
||
| 080 |
_aСпециална част на наказателното право. Видове наказуеми действия - Срещу собствена или чужда държава и управлението, политически престъпления,геноцид(прав.аспекти), наркотрафик, против мира, обществен _b343.3/.7 _x(569.4)(091) _z343.3/.7(569.4)(091) |
||
| 080 |
_aИстория на Германия _b94(430) _x(092) _z94(430)(092) |
||
| 080 |
_aНацистки офицер от Гестапо и един от главните организатори на Холокоста _b929 Айхман, Адолф _z929 Айхман, Адолф |
||
| 100 | 1 |
_aАренд, Хана _eпърви автор _9368501 |
|
| 139 |
_aАренд, Хана _bА 83 |
||
| 245 | 1 | 0 |
_aАйхман в Йерусалим _bРепортаж за баналността на злото _cХана Аренд; прев. от англ. и предг. Тодор Танев. |
| 250 | _a2. изд. | ||
| 257 | _aBGR | ||
| 260 |
_aСофия _bСиела Норма _c2021 _9217021 _n978-954-28- |
||
| 300 |
_a408 с. _c23 см |
||
| 380 | _a9 | ||
| 500 | _aОриг. загл. Eichmann in Jerusalem / Hannah Arendt. - Библиогр. с. 405-407. | ||
| 504 | _a405-407 | ||
| 600 | 1 | 4 |
_aАйхман, Адолф _9222233 |
| 650 | 4 |
_aГермания - военнопрестъпници _9283330 |
|
| 650 | 4 |
_aВтора световна война - жестокости _9265154 |
|
| 650 | 4 |
_aПолитически процеси (право) _9261131 |
|
| 650 | 4 |
_aЕврейски въпрос _9265152 |
|
| 650 | 4 |
_aФашизъм - Германия - история _9246497 |
|
| 653 | _aвоеннопрестъпници | ||
| 653 | _aеврейски въпрос | ||
| 653 | _aфашизъм | ||
| 653 | _aВтора световна война | ||
| 700 | 1 |
_aТанев, Тодор Александров _eпрев. и предг. _9283329 |
|
| 856 | 4 | _qpdf | |
| 856 | 4 | _qpdf | |
| 942 |
_cKNG _n0 _013 _s1 |
||
| 944 |
_k30530 _lМинев Младен |
||